Á lódáil...
മലയാളവും മലയാളിയും /
| Príomhúdar: | |
|---|---|
| Formáid: | Printed Book |
| Teanga: | Malayalam |
| Foilsithe: |
തൃശൂർ :
കറന്റ് ബുക്സ് ,
1992.
|
| LEADER | 00666nam a2200145Ia 4500 | ||
|---|---|---|---|
| 008 | 111205s1992 ii 000 0 mal d | ||
| 041 | |a mal | ||
| 100 | 1 | |a ജോർജ്, ഇരുമ്പയം |9 1580406 |d 1938- | |
| 245 | |a മലയാളവും മലയാളിയും / |c ജോർജ് ഇരുമ്പയം | ||
| 246 | |a Malayalavum malayaliyum | ||
| 260 | |b കറന്റ് ബുക്സ് , |a തൃശൂർ : |c 1992. | ||
| 300 | |a 176 Pages | ||
| 942 | |c BK | ||
| 999 | |c 206077 |d 206077 | ||
| 952 | |0 0 |1 0 |2 ddc |4 0 |6 450_000000000000000_GEO_M |7 0 |9 227894 |a MAL |b MAL |c ST1 |d 1978-02-18 |g 28.00 |l 6 |o 450 GEO/M |p MAL22718 |r 2020-03-10 |s 2020-02-26 |v 28.00 |w 2011-12-05 |y BK | ||